|
|
|
|
| LEADER |
01689cam a2200313 a 4500 |
| 001 |
c000223898 |
| 003 |
CARM |
| 005 |
20060928131234.0 |
| 008 |
900523s1984 paua b 100 0 eng d |
| 019 |
1 |
|
|a 4774559
|z 45096729
|z 27555905
|5 LACONCORD2021
|
| 020 |
|
|
|a 0895204843
|
| 035 |
|
|
|a (OCoLC)12058316
|5 LACONCORD2021
|
| 040 |
|
|
|a NNCU:A
|b eng
|c NNCU:A
|d NNCU:A
|
| 082 |
0 |
4 |
|a 620.1126
|2 20
|
| 245 |
0 |
0 |
|a Fracture :
|b interactions of microstructure, mechanisms and mechanics : proceedings of the symposium sponsored by the Mechanical Metallurgy and the Structural Materials, Committees of the Metallurgical Society of AIME and the Flow and Fracture Committee of the American Society for Metals, held February 27-29, 1984, at the 113th AIME Annual Meeting in Los Angeles, California /
|c edited by Joseph M. Wells, John D. Landes.
|
| 260 |
|
|
|a Warrendale, Pa :
|b Metallurgical Society of AIME,
|c c1984.
|
| 300 |
|
|
|a vii, 511 p. :
|b ill. ;
|c 24 cm.
|
| 490 |
1 |
|
|a Conference proceedings
|
| 504 |
|
|
|a Includes bibliographical references.
|
| 650 |
|
0 |
|a Fracture mechanics
|v Congresses.
|
| 700 |
1 |
|
|a Landes, J. D.
|q (John D.)
|
| 700 |
1 |
|
|a Wells, Joseph M.
|
| 710 |
2 |
|
|a Metallurgical Society of AIME.
|b Mechanical Metallurgy Committee.
|
| 710 |
2 |
|
|a American Society for Metals.
|b Flow and Fracture Committee.
|
| 710 |
2 |
|
|a Metallurgical Society of AIME.
|b Structural Materials Committee.
|
| 830 |
|
0 |
|a Conference proceedings (Metallurgical Society of AIME)
|
| 852 |
8 |
|
|b CARM
|h A2:AP05A0
|i B06616
|p 0314922
|f BK
|
| 999 |
f |
f |
|i 4370b5cb-9c28-536d-b781-8c7d32fca47e
|s 97b4d686-ec02-56b1-aa08-d42c1c9cc9d2
|
| 952 |
f |
f |
|p Can circulate
|a CAVAL
|b CAVAL
|c CAVAL
|d CARM 1 Store
|e B06616
|f A2:AP05A0
|h Other scheme
|i book
|m 0314922
|